000 02176nam0a2200385 i 4500
001 RU\NLR\BIBL_A\010778588
005 20260409063356.0
010 _a9785835410927
_91100
021 _aRU
_b2015-31352
_91863
035 _a(NILC)RuMoRGB-007918105
035 _a(NLR Aleph) 010778588
090 _a10055097
_c10055097
100 _a20150608d2015 k y0rusy50 ca
101 0 _arus
102 _aRU
105 _ay z 000yy
200 1 _aГражданский кодекс Российской Федерации
_iПатентное право
_iПраво на селекционные достижения
_eпостатейный комментарий к главам 72 и 73
_f[Всеволожский Кирилл Владимирович и др.]
_gпод ред. П. В. Крашенинникова
210 _aМосква
_cСтатут
_d2015
215 _a443 с.
_d21
225 1 _aНовеллы гражданского законодательства
320 _aБиблиогр. в подстроч. примеч.
606 1 _aПатентное право
_jЗаконодательные материалы
_jКомментарии
_yРоссийская Федерация
_92084954
_3RU\NLR\AUTH\661261056
606 1 _aСелекция
_jЗаконодательные материалы
_jКомментарии
_xПравовая охрана
_yРоссийская Федерация
_92615701
_3RU\NLR\AUTH\661552260
610 0 _aпатентное право
610 0 _aправо на селекционные достижения
686 1 _aХ623.4-39(2Р)
686 1 _aХ623.31-39(2Р)
702 1 _4220
_8rus
_7ca
_aВсеволожский
_bК. В.
_f1961-
_gКирилл Владимирович
_3RU\NLR\AUTH\7745958
_928893
702 1 _4340
_8rus
_7ca
_aКрашенинников
_bП. В.
_f1964-
_gПавел Владимирович
_3RU\NLR\AUTH\77659
_9110701
741 1 _aРоссийская Федерация
_tЗаконы
_iГражданский кодекс
_3RU\NLR\AUTH\880379476
_9425336
801 0 _aRU
_bРГБ
_c20150423
_gRCR
942 _cBOOK
980 _aNBR